Statistics for 30 Biggest Cities in Czech Republic Map Quiz

Click here to take the quiz!

General Stats

  • This quiz has been taken 75 times
  • The average score is 23 of 30

Answers on the Map

Answers color-coded by a green-red scale on the quiz's map according to % correct below.
 

Answer Stats

PopulationCity% Correct
2379527Brno
100%
11294513Prague
100%
5103979Liberec
97%
6100494Olomouc
97%
3290450Ostrava
97%
893040Ústí nad Labem
97%
4170936Plzeň
94%
992917Hradec Králové
91%
1090335Pardubice
91%
793863České Budějovice
88%
2148776Karlovy Vary
88%
1368804Kladno
88%
1174947Zlín
88%
1466644Most
85%
1949563Teplice
85%
1557019Opava
82%
1850724Jihlava
79%
2248666Chomutov
76%
1753522Karviná
73%
1656334Frýdek-Místek
70%
1272382Havířov
70%
2444167Mladá Boleslav
70%
2049226Děčín
64%
2345771Jablonec nad Nisou
64%
3034467Tábor
58%
2543798Prostějov
55%
2737405Česká Lípa
48%
2643565Přerov
48%
2836050Třebíč
48%
2935302Třinec
45%

Score Distribution

Percentile by Number Answered

Percent of People with Each Score

Your Score History

You have not taken this quiz